Combate ̉Corrupȯ̂ na Visô do Ministřio Pb︢lico

Detalles Bibliográficos
Autor principal: Ballan Junior, Octahydes
Otros Autores: Azambuja, Edson, Oliveira e Silva, Vinc̕ius De
Formato: eBook
Lenguaje:portugués
Publicado: San Pablo: JH Mizuno, 2018
Materias:
Acceso en línea:Acceso restringido

MARC

LEADER 00000nam a22000007a 4500
005 20190723004115.0
007 cr|||| ||||
008 190723s2018 br |||||s|||| 00||0 por d
020 |a 978-85-7789-350-8 
035 |a 23819 
040 |a vLex 
090 |c 9048  |d 9048 
100 1 |a Ballan Junior, Octahydes 
245 1 0 |a Combate ̉Corrupȯ̂ na Visô do Ministřio Pb︢lico  |h [Recurso electrn̤ico] /  |c Octahydes Ballan Junior, Edson Azambuja, Vinc̕ius De Oliveira e Silva 
256 |a Servicio en ln̕ea 
260 |a San Pablo:  |b JH Mizuno,  |c 2018 
300 |a 1 recurso electrn̤ico 
500 |a Os ensaios selecionados nessa obra sô de autoria de integrantes do Ministřio Pb︢lico Brasileiro com atuaȯ̂ em vr̀ios Estados da Federaȯ̂, os quais, h ̀anos, lidam com inm︢eros casos de corrupȯ̂ no desafiador cotidiano de investigaė̳s, atuaė̳s extrajudiciais e no curso de processos cv̕eis e criminais. Na obra sô abordadas - em linguagem clara e com olhos atentos ̉realidade nacional e em aspectos fundamentais do ordenamento jurd̕ico - problemt̀icas acerca da prevenȯ̂ dos atos de improbidade administrativa; do enfrentamento dos crimes contra a administraȯ̂ pb︢lica e sua puniȯ̂ em regime fechado; atividades das organizaė̳s criminosas no setor estatal; colaboraȯ̂ premiada; portais da transparn̊cia; dano moral coletivo por atos de corrupȯ̂; poder discricionr̀io e corrupȯ̂; a refutaȯ̂ da teoria da reserva do possv̕el ante a malversaȯ̂ de recursos; controle social e institucional de verbas pb︢licas; composiȯ̂ dos tribunais superiores e foro privilegiado; a cultura da sociedade como fator de contenȯ̂ ou estm̕ulo ̉corrupȯ̂; e os riscos ̉democracia em um ambiente de corrupȯ̂ sistm̊ica. 
506 1 |a Disponible solo en los productos indicados  |d vLex Global  |d vLex Global (Academic Edition, excluding Law Schools)  |d vLex Global (U.S. Academic Edition, Law Schools)  |d vLex Global (U.S. Academic Edition, excluding Law Schools)  |d vLex Global (Academic Edition, Law Schools) 
650 0 4 |a Derecho Penal  |z Brasil 
650 0 4 |a Derecho Pb︢lico y Administrativo  |z Brasil 
650 0 4 |a Procedimiento Penal  |z Brasil 
700 1 |a Azambuja, Edson 
700 1 |a Oliveira e Silva, Vinc̕ius De 
740 0 |a vLex Libros (Servicio en ln̕ea) 
856 4 0 |u http://vlex.com/source/combate-a-corrup-o-na-vis-o-do-ministerio-publico-23819  |z Acceso restringido 
942 |c BOOK 
999 0 |a Criminal Law 
999 0 |a Public and Administrative Law 
999 0 |a Criminal Procedure